000 01021nam a2200229Ia 4500
003 Ost
005 20260507075129.0
008 260507s9999||||xx |||||||||||||| ||und||
020 _a9089345977
040 _cfsecg
041 _aara
082 _a330
100 _aألان، جون
_eمؤلف
245 0 _aكيفية تخفيض النفقات في الشركات /
_c جون ألان
260 _aالقاهرة:
_bدار الفاروق للنشر والتوزيع,
_c2001
300 _a112 صفحة؛
_bإيضاحات ؛
_c25 سم
520 _aالموظفون- الاسس الخاصة بعملية الشراء- التمويل والأسهم- الإدارة- تكنولوجيا المعلومات- المبيعات والتوزيع- وضع سياسة واعية بأهمية التوفير في النفقات- قائمة فحص لعملية خفض النفقات.
653 _aالشركات
653 _aالنفقات
700 _aالعامري، خالد
_eمؤلف ثانوي
942 _cكتاب
999 _c43189
_d43189